000 01420nam a22003017a 4500
999 _c65943
_d65943
005 20240530110851.0
008 200912s2011 ua a f b 000 0dara d
017 _bمصر. دار الكتب
020 _a9789948018179
040 _aEG-CaGPL
_cEG-CaGPL
082 0 4 _221
_a726.2\
_bم ع
100 1 _aمالدونادو ، باسيليو بابون
245 1 0 _aعمارة المساجد فى الاندلس :
_bغرناطة وباقى شبة الجزيرة الايبيرية /
_cتاليف باسيليو بابون مالدونادو ؛ ترجمة على ابراهيم منوفى
250 _aط.1
260 _aابوظبى :
_bهيئة ابوظبى للثقافة والتراث ، كلمة،
_c2011
300 _a216 ص. ؛
_c28 سم.
504 _aيشتمل على ارجاعات ببليوجرافية
650 0 7 _aالعمارة الاسلامية
_2qrmak
650 0 7 _aالمسجد الجامع
_2qrmak
650 0 7 _aالمساجد
_xعمارة
_2qrmak
650 0 7 _aالعمارة الاسلامية
_2qrmak
_zاسبانيا
650 0 7 _aالعمارة الاسلامية
_zاسبانيا
_zغرناطة
_2qrmak
650 0 7 _aالعمارة الاسلامية
_zاسبانيا
_zشبه الجزيرة الايبيرية
_2qrmak
651 _2qrmak
700 0 _aعلى ابراهيم منوفى
_eمترجم
942 _2ddc
_cBK